[Event "British KO-ch Pre 2019"]
[Site "London"]
[Date "2019.11.30"]
[Round "5.3"]
[White "Clarke, Brandon G I"]
[Black "Merry, Alan B"]
[Result "1-0"]
[WhiteElo "2431"]
[BlackElo "2426"]
[Annotator "NA"]
[PlyCount "75"]
[EventDate "2019.11.30"]
[EventType "k.o."]
[EventCountry "ENG"]
[SourceTitle "playchess.com"]
[Source "ChessBase"]
[SourceQuality "1"]
[TimeControl "600+5"]

1. e4 {[%emt 0:00:00]} e6 {[%emt 0:00:00]} 2. d4 {[%emt 0:00:00]} d5 {[%emt 0:00:00]} 3. Nc3 {[%emt 0:00:00]} Bb4 {[%emt 0:00:00]} 4. e5 {[%emt 0:00:00]} c5 {[%emt 0:00:00]} 5. a3 {[%emt 0:00:01]} Bxc3+ {[%emt 0:00:00]} 6. bxc3 {[%emt 0:00:00]} Qa5 {[%emt 0:00:01]} 7. Bd2 {[%emt 0:00:01]} Qa4 {[%emt 0:00:01]} 8. Qb1 {[%emt 0:00:09]} c4 {[%emt 0:00:02]} 9. Nh3 {[%emt 0:00:02]} Nc6 {[%emt 0:00:04]} 10. Nf4 {[%emt 0:00:02]} g6 {[%emt 0:00:14]} 11. Be2 {[%emt 0:00:29]} Nge7 {[%emt 0:00:04]} 12. g4 {[%emt 0:00:17]} Bd7 {[%emt 0:00:05]} 13. h4 {[%emt 0:00:43]} O-O-O {[%emt 0:00:12]} 14. Nh3 {[%emt 0:00:49]} h6 {[%emt 0:00:20]} 15. Qc1 {[%emt 0:00:17]} Ng8 {[%emt 0:00:18]} 16. h5 {[%emt 0:00:31]} gxh5 {[%emt 0:00:18]} 17. gxh5 {[%emt 0:00:11]} f6 {[%emt 0:00:10]} 18. Nf4 {[%emt 0:01:07]} fxe5 {[%emt 0:00:20]} 19. Ng6 {[%emt 0:00:01]} Rh7 {[%emt 0:00:02]} 20. Nxe5 {[%emt 0:00:54]} Nf6 {[%emt 0:00:59]} 21. f3 {[%emt 0:00:52]} Be8 {[%emt 0:00:59]} 22. Bxh6 {[%emt 0:00:49]} Nxe5 {[%emt 0:01:02]} 23. dxe5 {[%emt 0:00:01]} Nxh5 {[%emt 0:00:01]} 24. Bg5 {[%emt 0:00:29]} Rdd7 {[%emt 0:00:08]} 25. Kf2 {[%emt 0:00:13]} Bg6 {[%emt 0:00:44]} 26. Ra2 {[%emt 0:01:21]} Ng7 {[%emt 0:00:42]} 27. Rxh7 Bxh7 {[%emt 0:00:01]} 28. Qh1 {[%emt 0:00:30]} Bxc2 {[%emt 0:01:04]} 29. Qh8+ {[%emt 0:00:19]} Kc7 {[%emt 0:00:02]} 30. Qf8 {[%emt 0:00:29]} Bb3 {[%emt 0:00:52]} 31. Ra1 {[%emt 0:00:08]} Qa5 {[%emt 0:00:05]} 32. Rh1 {[%emt 0:01:02]} b6 {[%emt 0:01:42]} 33. Qa8 {[%emt 0:00:33]} Qa6 {[%emt 0:01:16]} 34. Rh8 {[%emt 0:00:02]} Qb7 {[%emt 0:00:05]} 35. Qg8 {[%emt 0:00:07]} Kc6 {[%emt 0:00:21]} 36. Bf6 {[%emt 0:00:11]} Kb5 {[%emt 0:00:26]} 37. Rh7 {[%emt 0:00:01]} Ne8 {[%emt 0:00:14]} 38. Qxe8 {[%emt 0:00:02]} 1-0

[Event "British KO-ch Pre 2019"]
[Site "London"]
[Date "2019.11.30"]
[Round "5.4"]
[White "Haria, Ravi"]
[Black "Claridge-Hansen, William"]
[Result "1-0"]
[WhiteElo "2451"]
[BlackElo "2290"]
[Annotator "ChessBase"]
[PlyCount "41"]
[EventDate "2019.11.30"]
[EventType "k.o."]
[EventCountry "ENG"]
[SourceTitle "playchess.com"]
[Source "ChessBase"]
[SourceQuality "1"]
[TimeControl "600+5"]

1. Nf3 {[%emt 0:00:00]} c5 {[%emt 0:00:00]} 2. g3 {[%emt 0:00:07]} g6 {[%emt 0:00:02]} 3. c3 {[%emt 0:00:06]} Bg7 {[%emt 0:00:30]} 4. d4 {[%emt 0:00:01]} cxd4 {[%emt 0:00:11]} 5. cxd4 {[%emt 0:00:02]} b6 {[%emt 0:00:34]} 6. Bg2 {[%emt 0:00:05]} Bb7 {[%emt 0:00:01]} 7. O-O {[%emt 0:00:36]} d6 {[%emt 0:00:23]} 8. Qb3 {[%emt 0:00:52]} e6 {[%emt 0:00:20]} 9. Nc3 {[%emt 0:00:33]} Ne7 {[%emt 0:00:07]} 10. e4 {[%emt 0:00:19]} a6 {[%emt 0:00:13]} 11. Be3 {[%emt 0:00:13]} Nd7 {[%emt 0:00:20]} 12. Nd2 {[%emt 0:00:18]} O-O {[%emt 0:00:38]} 13. Nc4 {[%emt 0:00:35]} Qc7 {[%emt 0:00:23]} 14. Rac1 {[%emt 0:02:02]} b5 {[%emt 0:00:29]} 15. Nd2 {[%emt 0:00:14]} Qa5 {[%emt 0:00:56]} 16. a4 {[%emt 0:00:34]} bxa4 {[%emt 0:02:23]} 17. Qxb7 {[%emt 0:00:30]} Rfd8 {[%emt 0:01:11]} 18. Nc4 {[%emt 0:00:04]} Qh5 {[%emt 0:00:10]} 19. Nxd6 {[%emt 0:00:35]} Nf6 {[%emt 0:00:35]} 20. e5 {[%emt 0:00:26]} Ng4 {[%emt 0:00:47]} 21. h3 {[%emt 0:00:12]} 1-0

[Event "British KO-ch Pre 2019"]
[Site "London"]
[Date "2019.11.30"]
[Round "5.5"]
[White "Head, Louise"]
[Black "Taylor, Adam C"]
[Result "0-1"]
[WhiteElo "2100"]
[BlackElo "2371"]
[Annotator "NA"]
[PlyCount "130"]
[EventDate "2019.11.30"]
[EventType "k.o."]
[EventCountry "ENG"]
[SourceTitle "playchess.com"]
[Source "ChessBase"]
[SourceQuality "1"]
[TimeControl "600+5"]

1. d4 {[%emt 0:00:00]} Nf6 {[%emt 0:00:00]} 2. c4 {[%emt 0:00:00]} c5 {[%emt 0:00:00]} 3. d5 {[%emt 0:00:00]} b5 {[%emt 0:00:00]} 4. cxb5 {[%emt 0:00:03]} a6 {[%emt 0:00:00]} 5. b6 {[%emt 0:00:01]} d6 {[%emt 0:00:00]} 6. Nc3 {[%emt 0:00:02]} Nbd7 {[%emt 0:00:00]} 7. e4 {[%emt 0:00:01]} g6 {[%emt 0:00:00]} 8. Nf3 {[%emt 0:00:02]} Rb8 {[%emt 0:00:01]} 9. Be2 {[%emt 0:00:03]} Bg7 {[%emt 0:00:01]} 10. O-O {[%emt 0:00:04]} O-O {[%emt 0:00:02]} 11. a4 {[%emt 0:00:09]} Qxb6 {[%emt 0:00:01]} 12. Nd2 {[%emt 0:00:26]} Ne5 {[%emt 0:00:24]} 13. Nc4 {[%emt 0:00:35]} Nxc4 {[%emt 0:00:03]} 14. Bxc4 {[%emt 0:00:01]} Nd7 {[%emt 0:00:13]} 15. Qc2 {[%emt 0:00:19]} Qb4 {[%emt 0:00:45]} 16. Be2 {[%emt 0:00:16]} f5 {[%emt 0:00:23]} 17. exf5 Rxf5 {[%emt 0:00:04]} 18. a5 {[%emt 0:01:12]} Ne5 {[%emt 0:00:57]} 19. Ra4 {[%emt 0:00:17]} Qb3 {[%emt 0:00:21]} 20. Qxb3 Rxb3 {[%emt 0:00:02]} 21. f4 {[%emt 0:00:23]} Nd7 {[%emt 0:00:19]} 22. Bd1 {[%emt 0:00:39]} Rb8 {[%emt 0:01:02]} 23. Bg4 {[%emt 0:00:05]} Rf8 {[%emt 0:00:10]} 24. Be6+ {[%emt 0:00:11]} Kh8 {[%emt 0:00:02]} 25. f5 {[%emt 0:00:26]} Bd4+ {[%emt 0:00:10]} 26. Kh1 {[%emt 0:00:03]} Ne5 {[%emt 0:00:14]} 27. Bh6 {[%emt 0:00:31]} Bxe6 {[%emt 0:02:54]} 28. Bxf8 {[%emt 0:00:13]} Bd7 {[%emt 0:00:03]} 29. Bxe7 {[%emt 0:01:13]} Bxa4 {[%emt 0:01:19]} 30. Nxa4 {[%emt 0:01:01]} Ng4 {[%emt 0:00:10]} 31. h3 {[%emt 0:00:25]} Ne3 {[%emt 0:00:02]} 32. Re1 {[%emt 0:01:17]} Nxf5 {[%emt 0:00:02]} 33. Bg5 {[%emt 0:00:42]} Ng3+ {[%emt 0:00:46]} 34. Kh2 {[%emt 0:00:05]} Nf5 {[%emt 0:00:05]} 35. g4 {[%emt 0:00:26]} Ng7 {[%emt 0:00:28]} 36. Nb6 {[%emt 0:00:18]} Bxb2 {[%emt 0:00:38]} 37. Bf4 {[%emt 0:00:27]} Bc3 {[%emt 0:00:16]} 38. Bxd6 {[%emt 0:00:25]} Rd8 {[%emt 0:00:34]} 39. Bc7 {[%emt 0:00:03]} Bxe1 {[%emt 0:00:08]} 40. Bxd8 {[%emt 0:00:03]} Bxa5 {[%emt 0:00:09]} 41. d6 {[%emt 0:00:05]} Ne6 {[%emt 0:00:06]} 42. Bf6+ {[%emt 0:00:07]} Kg8 {[%emt 0:00:01]} 43. Nc4 {[%emt 0:00:11]} Kf7 {[%emt 0:00:16]} 44. Bh4 {[%emt 0:00:19]} Bd8 {[%emt 0:00:10]} 45. Ne5+ {[%emt 0:00:06]} Ke8 {[%emt 0:00:17]} 46. Bf2 {[%emt 0:00:14]} Bf6 {[%emt 0:00:00]} 47. Nc4 {[%emt 0:00:03]} Kd7 {[%emt 0:00:00]} 48. Bg3 {[%emt 0:00:03]} Bc3 {[%emt 0:00:06]} 49. Kg2 {[%emt 0:00:03]} a5 {[%emt 0:00:01]} 50. Kf2 {[%emt 0:00:08]} a4 {[%emt 0:00:01]} 51. Nb6+ {[%emt 0:00:01]} Kc6 {[%emt 0:00:06]} 52. Nxa4 {[%emt 0:00:03]} Bd4+ {[%emt 0:00:01]} 53. Ke2 {[%emt 0:00:07]} Kb5 {[%emt 0:00:03]} 54. Nxc5 Bxc5 {[%emt 0:00:02]} 55. h4 {[%emt 0:00:25]} Kc6 {[%emt 0:00:04]} 56. Kf3 {[%emt 0:00:07]} Bxd6 {[%emt 0:00:06]} 57. Bf2 {[%emt 0:00:01]} Kd5 {[%emt 0:00:02]} 58. Be3 {[%emt 0:00:04]} Nd4+ {[%emt 0:00:16]} 59. Bxd4 Kxd4 {[%emt 0:00:01]} 60. g5 {[%emt 0:00:12]} Ke5 {[%emt 0:00:13]} 61. Kg4 {[%emt 0:00:01]} Ke4 {[%emt 0:00:05]} 62. h5 {[%emt 0:00:02]} Be7 {[%emt 0:00:07]} 63. Kh4 {[%emt 0:00:06]} Kf4 {[%emt 0:00:02]} 64. hxg6 hxg6 {[%emt 0:00:01]} 65. Kh3 {[%emt 0:00:04]} Kxg5 {[%emt 0:00:02]} 0-1

[Event "British KO-ch Pre 2019"]
[Site "London"]
[Date "2019.11.30"]
[Round "5.6"]
[White "Willow, Jonah B"]
[Black "Golding, Alex"]
[Result "1/2-1/2"]
[WhiteElo "2345"]
[BlackElo "2306"]
[Annotator "NA"]
[PlyCount "232"]
[EventDate "2019.11.30"]
[EventType "k.o."]
[EventCountry "ENG"]
[SourceTitle "playchess.com"]
[Source "ChessBase"]
[SourceQuality "1"]
[TimeControl "600+5"]

1. e4 {[%emt 0:00:00]} e6 {[%emt 0:00:00]} 2. d4 {[%emt 0:00:00]} d5 {[%emt 0:00:00]} 3. Nd2 {[%emt 0:00:00]} dxe4 {[%emt 0:00:00]} 4. Nxe4 {[%emt 0:00:01]} Bd7 {[%emt 0:00:00]} 5. Nf3 {[%emt 0:00:09]} Bc6 {[%emt 0:00:01]} 6. Bd3 {[%emt 0:00:06]} Nd7 {[%emt 0:00:01]} 7. O-O {[%emt 0:00:03]} Ngf6 {[%emt 0:00:02]} 8. Re1 {[%emt 0:00:01]} Bxe4 {[%emt 0:00:34]} 9. Bxe4 Nxe4 {[%emt 0:00:01]} 10. Rxe4 {[%emt 0:00:02]} Nf6 {[%emt 0:00:02]} 11. Re2 {[%emt 0:00:02]} Bd6 {[%emt 0:00:09]} 12. Bg5 {[%emt 0:00:06]} c6 {[%emt 0:00:37]} 13. c4 {[%emt 0:00:18]} h6 {[%emt 0:00:17]} 14. Bxf6 {[%emt 0:00:20]} Qxf6 {[%emt 0:00:02]} 15. d5 {[%emt 0:00:02]} O-O {[%emt 0:02:14]} 16. dxc6 {[%emt 0:00:38]} Rad8 {[%emt 0:00:10]} 17. Qa4 {[%emt 0:01:26]} bxc6 {[%emt 0:00:04]} 18. Qxc6 {[%emt 0:00:10]} Ba3 {[%emt 0:00:25]} 19. Qb7 {[%emt 0:01:04]} Rb8 {[%emt 0:00:08]} 20. Qxa7 {[%emt 0:00:05]} Bxb2 {[%emt 0:00:02]} 21. Rb1 {[%emt 0:00:33]} Be5 {[%emt 0:04:33]} 22. Rxb8 {[%emt 0:00:59]} Rxb8 {[%emt 0:00:14]} 23. Re1 {[%emt 0:00:15]} Rd8 {[%emt 0:00:52]} 24. Qe3 {[%emt 0:00:52]} Bf4 {[%emt 0:00:06]} 25. Qe4 {[%emt 0:00:05]} Bd6 {[%emt 0:00:09]} 26. g3 {[%emt 0:00:15]} Bc5 {[%emt 0:00:04]} 27. Kg2 {[%emt 0:00:30]} Qb2 {[%emt 0:00:05]} 28. Re2 {[%emt 0:00:08]} Qc1 {[%emt 0:00:03]} 29. Qc2 {[%emt 0:02:02]} Qa3 {[%emt 0:00:24]} 30. Ne5 {[%emt 0:00:16]} Rd4 {[%emt 0:00:26]} 31. Nf3 {[%emt 0:00:21]} Rd3 {[%emt 0:00:05]} 32. Ne5 {[%emt 0:00:08]} Qa8+ {[%emt 0:00:07]} 33. f3 {[%emt 0:00:58]} Ra3 {[%emt 0:00:08]} 34. Nd3 {[%emt 0:00:29]} Bd4 {[%emt 0:00:04]} 35. c5 {[%emt 0:00:13]} Rc3 {[%emt 0:00:04]} 36. Qd2 {[%emt 0:00:05]} Qc6 {[%emt 0:00:05]} 37. Kh3 {[%emt 0:00:13]} Qxf3 {[%emt 0:00:03]} 38. Nf4 {[%emt 0:00:06]} Qf1+ {[%emt 0:00:18]} 39. Rg2 {[%emt 0:00:03]} Bf6 {[%emt 0:00:05]} 40. Qe2 {[%emt 0:00:01]} Qb1 {[%emt 0:00:11]} 41. Qg4 {[%emt 0:00:14]} Rxc5 {[%emt 0:00:04]} 42. Nh5 {[%emt 0:00:01]} Qa1 {[%emt 0:00:15]} 43. Rd2 {[%emt 0:00:06]} Qf1+ {[%emt 0:00:02]} 44. Rg2 {[%emt 0:00:01]} Rg5 {[%emt 0:00:07]} 45. Nxf6+ Qxf6 {[%emt 0:00:02]} 46. Qe2 {[%emt 0:00:11]} h5 {[%emt 0:00:12]} 47. Qe4 {[%emt 0:00:04]} h4 {[%emt 0:00:03]} 48. gxh4 {[%emt 0:00:07]} Rxg2 49. Qxg2 {[%emt 0:00:07]} Qf5+ {[%emt 0:00:04]} 50. Kg3 {[%emt 0:00:03]} Qe5+ {[%emt 0:00:02]} 51. Kh3 {[%emt 0:00:04]} Qc3+ {[%emt 0:00:02]} 52. Qg3 {[%emt 0:00:02]} Qb2 {[%emt 0:00:01]} 53. a4 {[%emt 0:00:05]} Qa1 {[%emt 0:00:03]} 54. Qf4 {[%emt 0:00:03]} e5 {[%emt 0:00:04]} 55. Qc4 {[%emt 0:00:02]} Qa3+ {[%emt 0:00:08]} 56. Kg2 {[%emt 0:00:01]} Qb2+ {[%emt 0:00:02]} 57. Kg3 {[%emt 0:00:05]} g6 {[%emt 0:00:06]} 58. Qb5 {[%emt 0:00:09]} Qc3+ {[%emt 0:00:03]} 59. Kg2 {[%emt 0:00:01]} Qd2+ {[%emt 0:00:02]} 60. Kg3 {[%emt 0:00:02]} Qf4+ {[%emt 0:00:01]} 61. Kg2 {[%emt 0:00:01]} e4 {[%emt 0:00:01]} 62. Qe2 {[%emt 0:00:24]} Qxh4 {[%emt 0:00:02]} 63. a5 {[%emt 0:00:00]} Qg5+ {[%emt 0:00:01]} 64. Kh3 {[%emt 0:00:08]} Qxa5 {[%emt 0:00:15]} 65. Qxe4 {[%emt 0:00:01]} Qc3+ {[%emt 0:00:05]} 66. Kg2 {[%emt 0:00:02]} Kg7 {[%emt 0:00:01]} 67. Qe2 {[%emt 0:00:03]} g5 {[%emt 0:00:02]} 68. Qa2 {[%emt 0:00:05]} Qd4 {[%emt 0:00:02]} 69. Qc2 {[%emt 0:00:03]} Qf4 {[%emt 0:00:03]} 70. Qc3+ {[%emt 0:00:02]} Kg6 {[%emt 0:00:03]} 71. Qd3+ {[%emt 0:00:03]} Qf5 {[%emt 0:00:01]} 72. Qd6+ {[%emt 0:00:01]} f6 {[%emt 0:00:02]} 73. Qd8 {[%emt 0:00:11]} Qe4+ {[%emt 0:00:06]} 74. Kg1 {[%emt 0:00:06]} g4 {[%emt 0:00:13]} 75. Qg8+ {[%emt 0:00:17]} Kf5 {[%emt 0:00:03]} 76. Qh7+ {[%emt 0:00:09]} Kf4 {[%emt 0:00:05]} 77. Qc7+ {[%emt 0:00:01]} Qe5 {[%emt 0:00:13]} 78. Qc4+ {[%emt 0:00:11]} Kg5 {[%emt 0:00:04]} 79. Qg8+ {[%emt 0:00:02]} Kf5 {[%emt 0:00:03]} 80. Qc8+ {[%emt 0:00:04]} Kf4 {[%emt 0:00:12]} 81. Qc4+ {[%emt 0:00:01]} Qe4 {[%emt 0:00:01]} 82. Qc7+ {[%emt 0:00:05]} Kg5 {[%emt 0:00:03]} 83. Qg7+ {[%emt 0:00:01]} Qg6 {[%emt 0:00:02]} 84. Qc7 {[%emt 0:00:02]} f5 {[%emt 0:00:06]} 85. Qe5 {[%emt 0:00:04]} Qb6+ {[%emt 0:00:07]} 86. Kg2 {[%emt 0:00:01]} Qc6+ {[%emt 0:00:00]} 87. Kg1 {[%emt 0:00:06]} Qc1+ {[%emt 0:00:02]} 88. Kg2 {[%emt 0:00:02]} Qd2+ {[%emt 0:00:28]} 89. Kg3 {[%emt 0:00:20]} Qd3+ {[%emt 0:00:04]} 90. Kf2 {[%emt 0:00:00]} Qf3+ {[%emt 0:00:06]} 91. Kg1 {[%emt 0:00:03]} Qe4 {[%emt 0:00:07]} 92. Qg7+ {[%emt 0:00:03]} Kf4 {[%emt 0:00:02]} 93. Qc7+ {[%emt 0:00:01]} Kf3 {[%emt 0:00:02]} 94. Qg3+ {[%emt 0:00:03]} Ke2 {[%emt 0:00:02]} 95. Qf2+ {[%emt 0:00:04]} Kd3 {[%emt 0:00:01]} 96. Qf1+ {[%emt 0:00:02]} Kd4 {[%emt 0:00:02]} 97. Qa1+ {[%emt 0:00:01]} Kd5 {[%emt 0:00:18]} 98. Qa8+ {[%emt 0:00:03]} Ke5 {[%emt 0:00:03]} 99. Qb8+ {[%emt 0:00:05]} Kf6 {[%emt 0:00:03]} 100. Qf8+ {[%emt 0:00:02]} Kg5 {[%emt 0:00:02]} 101. Qg7+ {[%emt 0:00:04]} Kf4 {[%emt 0:00:02]} 102. Qc7+ {[%emt 0:00:02]} Qe5 {[%emt 0:00:02]} 103. Qc4+ {[%emt 0:00:03]} Qe4 {[%emt 0:00:28]} 104. Qc7+ {[%emt 0:00:01]} Ke3 {[%emt 0:00:14]} 105. Qc3+ {[%emt 0:00:15]} Qd3 {[%emt 0:00:06]} 106. Qe5+ {[%emt 0:00:01]} Kf3 {[%emt 0:00:06]} 107. Qg3+ {[%emt 0:00:11]} Ke4 {[%emt 0:00:01]} 108. Qg2+ {[%emt 0:00:02]} Kf4 {[%emt 0:00:05]} 109. Qf2+ {[%emt 0:00:06]} Kg5 {[%emt 0:00:04]} 110. Qc5 {[%emt 0:00:06]} Qd1+ {[%emt 0:00:04]} 111. Kg2 {[%emt 0:00:01]} Qf3+ {[%emt 0:00:03]} 112. Kg1 {[%emt 0:00:01]} Qd1+ {[%emt 0:00:18]} 113. Kg2 {[%emt 0:00:01]} Qd2+ {[%emt 0:00:01]} 114. Kg1 {[%emt 0:00:23]} Qe1+ {[%emt 0:00:01]} 115. Kg2 {[%emt 0:00:02]} Kh4 {[%emt 0:00:03]} 116. Qxf5 {[%emt 0:00:18]} Qe2+ {[%emt 0:00:03]} 1/2-1/2

[Event "British KO-ch Pre 2019"]
[Site "London"]
[Date "2019.11.30"]
[Round "5.7"]
[White "Pein, Jonathan"]
[Black "Toma, Katarzyna"]
[Result "0-1"]
[WhiteElo "2151"]
[BlackElo "2272"]
[Annotator "NA"]
[PlyCount "50"]
[EventDate "2019.11.30"]
[EventType "k.o."]
[EventCountry "ENG"]
[SourceTitle "playchess.com"]
[Source "ChessBase"]
[SourceQuality "1"]
[TimeControl "600+5"]

1. g3 {[%emt 0:00:00]} g6 {[%emt 0:00:00]} 2. Bg2 {[%emt 0:00:00]} d5 {[%emt 0:00:05]} 3. c4 {[%emt 0:00:07]} Nf6 {[%emt 0:00:10]} 4. Nf3 {[%emt 0:00:05]} Bg7 {[%emt 0:00:08]} 5. O-O {[%emt 0:00:02]} O-O {[%emt 0:00:06]} 6. d4 {[%emt 0:00:20]} dxc4 {[%emt 0:00:04]} 7. Ne5 {[%emt 0:00:10]} c5 {[%emt 0:01:01]} 8. dxc5 {[%emt 0:00:03]} Qc7 {[%emt 0:00:10]} 9. Nxc4 {[%emt 0:00:26]} Qxc5 {[%emt 0:00:10]} 10. Nba3 {[%emt 0:00:30]} Nc6 {[%emt 0:00:09]} 11. Be3 {[%emt 0:00:02]} Qh5 {[%emt 0:00:05]} 12. f3 {[%emt 0:02:09]} Be6 {[%emt 0:01:05]} 13. Rc1 {[%emt 0:01:27]} Rac8 {[%emt 0:00:33]} 14. b3 {[%emt 0:00:19]} b5 {[%emt 0:00:15]} 15. Nd2 {[%emt 0:00:52]} Nd5 {[%emt 0:00:16]} 16. Bf2 {[%emt 0:00:29]} Bb2 {[%emt 0:00:56]} 17. Rxc6 Rxc6 {[%emt 0:00:07]} 18. Nxb5 {[%emt 0:01:54]} Rc1 {[%emt 0:00:56]} 19. Qxc1 {[%emt 0:00:09]} Bxc1 {[%emt 0:00:01]} 20. Rxc1 {[%emt 0:00:01]} Qg5 {[%emt 0:00:29]} 21. Be1 {[%emt 0:01:55]} Rd8 {[%emt 0:01:17]} 22. a4 {[%emt 0:00:36]} Qe3+ {[%emt 0:00:25]} 23. Kf1 {[%emt 0:00:05]} a6 {[%emt 0:00:05]} 24. Nc7 {[%emt 0:00:09]} Nc3 {[%emt 0:00:47]} 25. Nxe6 fxe6 {[%emt 0:00:10]} 0-1

[Event "British KO-ch Pre 2019"]
[Site "London"]
[Date "2019.11.30"]
[Round "5.8"]
[White "McPhillips, Joseph"]
[Black "Kalaiyalahan, Akshaya"]
[Result "1-0"]
[WhiteElo "2434"]
[BlackElo "2154"]
[Annotator "NA"]
[PlyCount "65"]
[EventDate "2019.11.30"]
[EventType "k.o."]
[EventCountry "ENG"]
[SourceTitle "playchess.com"]
[Source "ChessBase"]
[SourceQuality "1"]
[TimeControl "600+5"]

1. f3 {[%emt 0:00:00]} d5 {[%emt 0:00:03]} 2. Kf2 {[%emt 0:00:37]} e5 {[%emt 0:00:35]} 3. Kg3 {[%emt 0:00:03]} Bc5 {[%emt 0:00:34]} 4. e3 {[%emt 0:00:02]} d4 {[%emt 0:01:35]} 5. exd4 {[%emt 0:00:08]} Bxd4 {[%emt 0:00:37]} 6. d3 {[%emt 0:00:02]} Nf6 {[%emt 0:01:13]} 7. h3 {[%emt 0:00:08]} Qd6 {[%emt 0:00:21]} 8. Kh2 {[%emt 0:00:50]} Nd5 {[%emt 0:02:43]} 9. Qe1 {[%emt 0:00:59]} O-O {[%emt 0:00:17]} 10. Nc3 {[%emt 0:00:30]} e4+ {[%emt 0:00:25]} 11. g3 {[%emt 0:00:05]} Bxg1+ 12. Rxg1 {[%emt 0:00:02]} exf3 {[%emt 0:01:03]} 13. Qe4 {[%emt 0:00:30]} Nxc3 14. bxc3 {[%emt 0:00:02]} Qf6 {[%emt 0:00:05]} 15. Ba3 {[%emt 0:00:58]} Bd7 {[%emt 0:01:19]} 16. Bxf8 {[%emt 0:00:18]} Bc6 {[%emt 0:00:07]} 17. Qg4 {[%emt 0:01:22]} Bd7 {[%emt 0:00:18]} 18. Qxg7+ {[%emt 0:00:11]} Qxg7 {[%emt 0:00:05]} 19. Bxg7 Kxg7 {[%emt 0:00:00]} 20. d4 {[%emt 0:00:15]} Bc6 {[%emt 0:00:01]} 21. Bc4 {[%emt 0:00:06]} Nd7 {[%emt 0:00:05]} 22. Rge1 {[%emt 0:00:58]} Nf6 {[%emt 0:00:13]} 23. Re5 {[%emt 0:00:24]} Re8 {[%emt 0:00:10]} 24. Rxe8 {[%emt 0:00:28]} Nxe8 {[%emt 0:00:04]} 25. d5 {[%emt 0:00:07]} Bd7 {[%emt 0:00:01]} 26. Rf1 {[%emt 0:00:04]} Nd6 {[%emt 0:00:03]} 27. Bd3 {[%emt 0:00:12]} Nb5 {[%emt 0:00:07]} 28. c4 {[%emt 0:00:44]} Nd4 {[%emt 0:00:07]} 29. c3 {[%emt 0:00:04]} Nf5 {[%emt 0:00:03]} 30. Bxf5 Bxf5 {[%emt 0:00:02]} 31. Rxf3 {[%emt 0:00:18]} Bb1 {[%emt 0:00:07]} 32. a3 {[%emt 0:00:14]} Ba2 {[%emt 0:00:03]} 33. Rf4 {[%emt 0:00:02]} 1-0

[Event "British KO-ch Pre 2019"]
[Site "London"]
[Date "2019.11.30"]
[Round "6.1"]
[White "Harvey, Marcus R"]
[Black "Clarke, Brandon G I"]
[Result "1-0"]
[WhiteElo "2405"]
[BlackElo "2431"]
[Annotator "NA"]
[PlyCount "65"]
[EventDate "2019.11.30"]
[EventType "k.o."]
[EventCountry "ENG"]
[SourceTitle "playchess.com"]
[Source "ChessBase"]
[SourceQuality "1"]
[TimeControl "600+5"]

1. Nf3 {[%emt 0:00:00]} Nf6 {[%emt 0:00:00]} 2. b3 {[%emt 0:00:00]} g6 {[%emt 0:00:00]} 3. Bb2 {[%emt 0:00:00]} Bg7 {[%emt 0:00:00]} 4. e3 {[%emt 0:00:00]} O-O {[%emt 0:00:05]} 5. Be2 {[%emt 0:00:01]} d6 {[%emt 0:00:01]} 6. d4 {[%emt 0:00:01]} Nbd7 {[%emt 0:00:33]} 7. O-O {[%emt 0:00:03]} e5 8. dxe5 {[%emt 0:00:01]} Ng4 {[%emt 0:00:40]} 9. c4 {[%emt 0:00:01]} Ndxe5 {[%emt 0:00:36]} 10. Nxe5 {[%emt 0:00:18]} Nxe5 {[%emt 0:00:03]} 11. Nc3 {[%emt 0:00:01]} Re8 {[%emt 0:00:26]} 12. Qd2 {[%emt 0:00:10]} h5 {[%emt 0:00:10]} 13. Nd5 {[%emt 0:00:10]} Bg4 {[%emt 0:01:19]} 14. h3 {[%emt 0:00:33]} Be6 {[%emt 0:00:46]} 15. Rad1 {[%emt 0:00:12]} a5 {[%emt 0:00:42]} 16. Bc3 {[%emt 0:00:05]} a4 {[%emt 0:01:04]} 17. Qb2 {[%emt 0:00:02]} f6 {[%emt 0:02:26]} 18. Nf4 {[%emt 0:00:17]} Bf7 {[%emt 0:00:13]} 19. c5 {[%emt 0:00:02]} f5 {[%emt 0:01:09]} 20. cxd6 {[%emt 0:00:58]} cxd6 {[%emt 0:00:00]} 21. Bb5 {[%emt 0:00:17]} Re7 {[%emt 0:00:45]} 22. Nd5 {[%emt 0:00:02]} Bxd5 {[%emt 0:00:28]} 23. Rxd5 {[%emt 0:00:02]} axb3 {[%emt 0:00:05]} 24. Qxb3 {[%emt 0:00:07]} Kh7 {[%emt 0:00:03]} 25. Rfd1 {[%emt 0:00:01]} Rc8 {[%emt 0:00:06]} 26. Rxd6 {[%emt 0:00:24]} Qc7 {[%emt 0:00:21]} 27. Bxe5 {[%emt 0:00:10]} Rxe5 {[%emt 0:00:05]} 28. Rd7 {[%emt 0:00:09]} Qc5 {[%emt 0:00:06]} 29. Qf7 {[%emt 0:00:19]} Rg8 {[%emt 0:00:04]} 30. Bc4 {[%emt 0:00:03]} Ree8 {[%emt 0:00:23]} 31. Rxb7 {[%emt 0:00:23]} Qe5 {[%emt 0:00:00]} 32. Qc7 {[%emt 0:00:28]} Rgf8 {[%emt 0:00:08]} 33. Qxe5 {[%emt 0:00:05]} 1-0

[Event "British KO-ch Pre 2019"]
[Site "London"]
[Date "2019.11.30"]
[Round "6.2"]
[White "Fernandez, Daniel Howard"]
[Black "Taylor, Adam C"]
[Result "0-1"]
[WhiteElo "2444"]
[BlackElo "2371"]
[Annotator "TA"]
[PlyCount "88"]
[EventDate "2019.11.30"]
[EventType "k.o."]
[EventCountry "ENG"]
[SourceTitle "playchess.com"]
[Source "ChessBase"]
[SourceQuality "1"]

{[%evp 9,88,26,37,0,0,-13,-17,-15,0,-22,0,-16,0,-30,-22,-9,-11,-56,-47,-76,0,-83,-68,-79,-68,-79,-58,-145,-139,-531,-527,-527,-522,-687,-681,-581,-322,-324,-322,-356,-358,-339,-346,-348,-354,-345,-290,-278,-275,-345,-338,-357,-354,-317,-324,-741,-734,-29991,-29992,-29992,-29990,-29993,-29994,-29994,-29994,-29995,-29972,-29972,-29972,-29972,-29973,-29971,-29972,-29986,-29987,-29993,-29984,-29985,-29986,-29996,-29997]} 1. g3 d5 2. Bg2 g6 3. c4 dxc4 4. Na3 Bg7 5. Nxc4 e5 6. d3 {A10: English Opening: Unusual Replies for Black} Ne7 7. Nf3 Nbc6 8. Bd2 {The position is equal.} O-O (8... a5 9. h4 h6 10. Qc1 Be6 11. O-O Qd7 {1-0 (23) Almasi,Z (2682)-Rodshtein,M (2682) Hungary 2018}) 9. Qc1 Be6 $146 ({Predecessor:} 9... Nf5 10. h4 h5 11. Ng5 Bd7 {½-½ (28) Chytilek,R (2372)-Tesar,J (2114) Pardubice 2010}) 10. h4 h5 11. Bh6 Bxh6 12. Qxh6 {Threatens to win with Ng5.} Nf5 13. Qg5 Bxc4 14. dxc4 {[#]} e4 (14... Qe8 $1 $17) 15. Qxd8 (15. Rd1 $11 {keeps the balance.} Qe8 16. Nd2) 15... Raxd8 $17 (15... Nxd8 $6 16. Ng5 $11) 16. Ng5 e3 17. Be4 Ncd4 $36 {[%mdl 2048] Black is pushing.} 18. Rc1 (18. Rd1 $1 $15) 18... Rfe8 19. Rc3 $2 {[%mdl 8192]} (19. Bd3 $17) 19... exf2+ $19 20. Kxf2 f6 21. Bxf5 {Strongly threatening Ne6.} Rxe2+ {[%mdl 64] [#] Double Attack} ({Weaker is} 21... gxf5 22. e3 $15) (21... Nxf5 22. Nf3 $17) 22. Kf1 gxf5 23. Nf3 Rxb2 {( -> ...Nxf3)} 24. Rd3 c5 25. Rh2 Rb1+ 26. Kg2 Kf7 27. Kh3 Nxf3 28. Rxf3 {[%mdl 4096] Endgame KRR-KRR} Kg6 29. Ra3 Rc1 30. Rb2 b6 ({Don't play} 30... Rxc4 31. Rxb7 Rd1 32. Rb2 $19) 31. Rxa7 Rd3 ({Don't take} 31... Rxc4 32. Rxb6 Rd1 33. Rb2 $19) 32. Ra6 $2 (32. Kh2) 32... f4 33. Rbxb6 Rxg3+ {Black mates.} 34. Kh2 Rc2+ 35. Kh1 Kf5 36. Rb1 Kg4 37. Rab6 Kh3 {[%csl Gh3][%cal Rc2h2]} 38. R6b2 Rgc3 39. Rxc2 Rxc2 {KR-KR} 40. Rb3+ Kg4 41. a4 f3 42. Rb8 Rxc4 43. Rg8+ Kh3 44. a5 f2 {Accuracy: White = 26%, Black = 65%.} 0-1